Herec mobilizátorom deja

Bibliographic Details
Format: Article
Language:Slovak
Subjects:

MARC

LEADER 00000nab a2200000 a 4500
001 vtls000284490
003 SK-MaSNL
005 20260302220059.0
008 111201c1987 xo 0 slo
015 |a SNBRB19rr/mm-uuuuu 
035 |a CL0294608 
040 |a SNKBUCL  |b slo  |c SNKBUCL  |e AACR2 
041 0 |a slo 
044 |a xo  |c SK 
080 |a 791.43(73)  |2 1981 
080 |a 791.43(44)  |2 1981 
245 0 0 |a Herec mobilizátorom deja  |c -hiv- 
500 |a Film Policajt z Beverly Hills režíroval Martin Brest. Film Prehnití režíroval Claude Zidi 
630 0 7 |a Prehnití (film)  |2 snkbucl  |9 152694 
630 0 7 |a Policajt v Beverly Hills (film)  |2 snkbucl  |9 152731 
650 0 7 |a francúzske filmy  |2 snkbucl  |9 864254 
650 0 7 |a americké filmy  |2 snkbucl  |9 847461 
655 7 |a články z novín a časopisov  |2 snkbucl  |9 267496 
773 0 |t Večerník  |g Roč. 32, č. 114 (12. 6. 1987), s. 7 
850 |a Slovenská národná knižnica v Martine  |a MTA001 
852 |a SNK  |b KIS3GCP 
958 |a RK 
992 |a RBX 
999 |c 1505307  |d 1507237